Movies Quiz

Random Movies or Disney Quiz

Disney Villains Quiz Stats

 Plays Quiz Updated Mar 18, 2019

Also try: Disney Animals
Challenge
Share
Tweet
Embed
Score 0/14 Timer 03:00
1 Play Today
Movie Villain % Correct
One Hundred and One DalmatiansCruella de Vil
91.3%
Peter PanCaptain Hook
90.6%
The Lion KingScar
86.8%
AladdinJafar
82.3%
The Little MermaidUrsula
79.1%
CinderellaLady Tremaine, the evil stepmother
74.2%
Beauty and the BeastGaston
68.8%
Movie Villain % Correct
FrozenPrince Hans
66.6%
BambiMan
56.4%
The Jungle BookShere Khan the Tiger or Kaa the Python
33.4%
Sleeping BeautyMaleficent
33.2%
The Emperor's New GrooveYzma or Kronk
29.1%
The Princess and the FrogDr. Facilier
28.7%
TarzanClayton or Sabor
24.2%

You're not logged in!

Compare scores with friends on all Sporcle quizzes.
OR
Log In

You Might Also Like...

Show Comments

Extras

Top Quizzes Today


Score Distribution

Your Account Isn't Verified!

In order to create a playlist on Sporcle, you need to verify the email address you used during registration. Go to your Sporcle Settings to finish the process.

Report this User

Report this user for behavior that violates our Community Guidelines.

Details: